Entrepreneurship development / (Record no. 14266)

MARC details
000 -LEADER
fixed length control field 00987nam a22002297a 4500
005 - DATE AND TIME OF LATEST TRANSACTION
control field 2008070800240.0
008 - FIXED-LENGTH DATA ELEMENTS--GENERAL INFORMATION
fixed length control field 080708t xxu||||| |||| 00| 0 eng d
010 ## - LIBRARY OF CONGRESS CONTROL NUMBER
LC control number ENG-87406
020 ## - INTERNATIONAL STANDARD BOOK NUMBER
International Standard Book Number 8131304303
Terms of availability 595.00
035 ## - SYSTEM CONTROL NUMBER
System control number EN-70939
040 ## - CATALOGING SOURCE
Original cataloging agency DPL
Language of cataloging EN
082 ## - DEWEY DECIMAL CLASSIFICATION NUMBER
Classification number 338.04
100 ## - MAIN ENTRY--PERSONAL NAME
Personal name Virmani, Hitesh S.
245 ## - TITLE STATEMENT
Title Entrepreneurship development /
Statement of responsibility, etc by Hitesh S. Viramani
260 ## - PUBLICATION, DISTRIBUTION, ETC. (IMPRINT)
Place of publication, distribution, etc New Delhi
Name of publisher, distributor, etc APH Publishing Corporation
Date of publication, distribution, etc 2008
270 ## - ADDRESS
Address 4435-36/7, Ansari Raod, Darya Ganj,
City New Delhi
Postal code 110002
300 ## - PHYSICAL DESCRIPTION
Extent viii, 228p.
Dimensions 23 cm (Hb)
500 ## - GENERAL NOTE
General note Includes bibliographical references
942 ## - ADDED ENTRY ELEMENTS (KOHA)
Source of classification or shelving scheme Dewey Decimal Classification
Koha item type English Books
Classification part 338.04
Call number suffix VIR
Holdings
Withdrawn status Lost status Damaged status Not for loan Collection code Home library Current library Date acquired Source of acquisition Cost, normal purchase price Total Checkouts Full call number Barcode Date last seen Copy number Cost, replacement price Price effective from Koha item type
      Not For Loan Non-fiction D.B.Act.Division D.B.Act.Division 08/07/2008 DBAD / PUB 595.00   338.04 VIR EN-74009 15/09/2008 1 595.00 15/09/2008 English Books
          D.B.Act.Division D.B.Act.Division 29/08/2008   395.00   338.04 VIR EN-70939 15/09/2008 1 395.00 15/09/2008 English Books

© Delhi Public Library
Hit Counter
free hit counter